00872 a2200205 4500003000500000005001700005010001700022020002900039040000900068082001200077100002300089245008000112250001200192260004400204300001000248505023200258942002100490999001900511952013600530Nust20221125093356.0 a 2009923972 a9780495827818 (standard) cNust a530,ACR1 aSerway, Raymond A.10aPhysics for scientists and engineers / cRaymond A. Serway, John W. Jewett. a6th Ed. aBoston, MA :bCengage Wadsworth,c2009. a1283p aPart 1: Mechanics (Page-1), Part 2: Oscillations and Mechanical Waves (Page-451), Part 3: Thermodynamics (Page-579), Part 4: Electrify and Magnetism (Page-705), Part 5: Light and Optics (Page-1093), Modern Physics (Page-1243).  2ddccBKk530,ACR c181271d181271 00102ddc4070aMCSbMCScGENd2016-12-12l1o530,ACRpMCS31626r2025-01-15s2024-11-11w2016-12-12yBKzAlmirah No.15, Shelf No.1